[Event "EYTCC-G"]
[Site "?"]
[Date "2017.08.23"]
[Round "7.6"]
[White "Krasnokutskaya, Sofiya"]
[Black "Antolak, Julia"]
[Result "0-1"]
[BlackElo "2204"]
[WhiteElo "2182"]
[LiveChessVersion "1.4.6"]

1. e4 {[%clk 1:30:35]} c5 {[%clk 1:30:54]} 2. Nf3 {[%clk 1:31:00]} Nc6
{[%clk 1:31:20]} 3. d4 {[%clk 1:31:21]} cxd4 {[%clk 1:31:45]} 4. Nxd4
{[%clk 1:31:47]} g6 {[%clk 1:32:05]} 5. Nc3 {[%clk 1:32:02]} Bg7 {[%clk 1:32:31]}
6. Be3 {[%clk 1:32:27]} Nf6 {[%clk 1:32:55]} 7. Bc4 {[%clk 1:32:37]} O-O
{[%clk 1:33:18]} 8. Bb3 {[%clk 1:32:58]} d6 {[%clk 1:33:43]} 9. f3
{[%clk 1:32:32]} Bd7 {[%clk 1:33:59]} 10. Qd2 {[%clk 1:32:46]} Rc8
{[%clk 1:34:14]} 11. O-O-O {[%clk 1:33:03]} Nxd4 {[%clk 1:34:33]} 12. Bxd4
{[%clk 1:33:24]} b5 {[%clk 1:35:00]} 13. h4 {[%clk 1:27:00]} a5 {[%clk 1:35:10]}
14. h5 {[%clk 1:04:54]} a4 {[%clk 1:34:40]} 15. Bxf6 {[%clk 0:45:30]} Bxf6
{[%clk 1:35:03]} 16. hxg6 {[%clk 0:45:28]} e6 {[%clk 1:35:18]} 17. Rxh7
{[%clk 0:29:03]} fxg6 {[%clk 1:34:24]} 18. Rdh1 {[%clk 0:28:26]} axb3
{[%clk 1:19:41]} 19. Qxd6 {[%clk 0:28:24]} bxa2 {[%clk 1:06:18]} 20. Nxa2
{[%clk 0:28:35]} Qc7 {[%clk 1:06:00]} 21. Qd3 {[%clk 0:27:45]} Rf7
{[%clk 1:05:03]} 22. Rxf7 {[%clk 0:22:34]} Kxf7 {[%clk 1:05:27]} 23. Nc3
{[%clk 0:21:59]} Be8 {[%clk 0:55:25]} 24. Ne2 {[%clk 0:14:14]} b4
{[%clk 0:50:01]} 25. Qb3 {[%clk 0:07:39]} Bb5 {[%clk 0:47:26]} 26. Rh7+
{[%clk 0:06:57]} Bg7 {[%clk 0:47:47]} 27. Nd4 {[%clk 0:07:05]} Bc4
{[%clk 0:48:07]} 28. Qe3 {[%clk 0:07:07]} Kg8 {[%clk 0:47:47]} 29. Rh4
{[%clk 0:07:10]} Qe5 {[%clk 0:40:33]} 30. c3 {[%clk 0:07:09]} bxc3
{[%clk 0:40:13]} 31. bxc3 {[%clk 0:07:33]} Ba6 {[%clk 0:40:06]} 32. Kd2
{[%clk 0:07:11]} Qa5 {[%clk 0:40:23]} 33. e5 {[%clk 0:06:41]} Rb8
{[%clk 0:38:53]} 34. Nc2 {[%clk 0:04:49]} Bxe5 {[%clk 0:38:40]} 35. Rg4
{[%clk 0:03:51]} Kf7 {[%clk 0:36:30]} 36. Nb4 {[%clk 0:03:17]} Rd8+
{[%clk 0:36:12]} 37. Kc2 {[%clk 0:03:04]} Bd3+ {[%clk 0:31:25]} 38. Kb3
{[%clk 0:02:26]} Qa1 {[%clk 0:28:54]} 39. Qxe5 {[%clk 0:01:54]} Qb1+
{[%clk 0:29:17]} 0-1

[Event "EYTCC-G"]
[Site "?"]
[Date "2017.08.23"]
[Round "7.7"]
[White "Schneider, Jana"]
[Black "Arda, Cagil Irmak"]
[Result "1-0"]
[BlackElo "2124"]
[WhiteElo "2275"]
[LiveChessVersion "1.4.6"]

1. e4 {[%clk 1:30:57]} c6 {[%clk 1:30:16]} 2. Nc3 {[%clk 1:30:59]} d5
{[%clk 1:30:41]} 3. Nf3 {[%clk 1:31:19]} Bg4 {[%clk 1:31:06]} 4. h3
{[%clk 1:31:29]} Bxf3 {[%clk 1:31:31]} 5. Qxf3 {[%clk 1:31:52]} e6
{[%clk 1:31:57]} 6. a3 {[%clk 1:27:43]} Nf6 {[%clk 1:28:14]} 7. d3
{[%clk 1:27:22]} Nbd7 {[%clk 1:24:28]} 8. g3 {[%clk 1:26:06]} Bd6
{[%clk 1:15:04]} 9. Bg2 {[%clk 1:26:01]} d4 {[%clk 1:12:22]} 10. Nd1
{[%clk 1:25:48]} Qa5+ {[%clk 1:09:38]} 11. Bd2 {[%clk 1:22:30]} Qh5
{[%clk 1:07:52]} 12. Qxh5 {[%clk 1:20:15]} Nxh5 {[%clk 1:08:16]} 13. O-O
{[%clk 1:19:36]} O-O {[%clk 1:07:36]} 14. Kh2 {[%clk 1:17:49]} e5
{[%clk 1:04:15]} 15. b3 {[%clk 1:09:48]} g6 {[%clk 0:57:09]} 16. Nb2
{[%clk 1:06:48]} b5 {[%clk 0:54:47]} 17. a4 {[%clk 1:03:48]} a6 {[%clk 0:55:09]}
18. f4 {[%clk 0:59:08]} f6 {[%clk 0:54:31]} 19. f5 {[%clk 0:50:18]} g5
{[%clk 0:47:49]} 20. Bf3 {[%clk 0:49:27]} Ng7 {[%clk 0:47:52]} 21. h4
{[%clk 0:48:27]} h6 {[%clk 0:42:29]} 22. Kg2 {[%clk 0:47:45]} Kf7
{[%clk 0:42:12]} 23. Rh1 {[%clk 0:47:13]} Rh8 {[%clk 0:36:17]} 24. Rh2
{[%clk 0:45:19]} Rhc8 {[%clk 0:28:07]} 25. Nd1 {[%clk 0:36:41]} c5
{[%clk 0:17:11]} 26. Nf2 {[%clk 0:31:06]} Kf8 {[%clk 0:16:19]} 27. hxg5
{[%clk 0:29:12]} hxg5 {[%clk 0:16:30]} 28. axb5 {[%clk 0:29:25]} Kf7
{[%clk 0:14:31]} 29. bxa6 {[%clk 0:29:03]} Rc6 {[%clk 0:14:43]} 30. Rah1
{[%clk 0:23:37]} Nf8 {[%clk 0:13:36]} 31. Ng4 {[%clk 0:22:03]} Rcxa6
{[%clk 0:12:29]} 32. Rh6 {[%clk 0:20:58]} Be7 {[%clk 0:12:25]} 33. Rh8
{[%clk 0:19:33]} Ra1 {[%clk 0:11:07]} 34. Nh6+ {[%clk 0:14:44]} Ke8
{[%clk 0:11:31]} 35. Rxa1 {[%clk 0:14:42]} Rxa1 {[%clk 0:11:56]} 36. Rg8
{[%clk 0:15:01]} Ra2 {[%clk 0:12:13]} 37. Be1 {[%clk 0:13:29]} Rxc2+
{[%clk 0:12:34]} 38. Bf2 {[%clk 0:13:47]} c4 {[%clk 0:11:53]} 39. bxc4
{[%clk 0:13:14]} Bb4 {[%clk 0:12:16]} 40. Rxg7 {[%clk 0:43:35]} Be1
{[%clk 0:42:40]} 41. Bh5+ {[%clk 0:43:09]} Kd8 {[%clk 0:43:05]} 42. Ng4
{[%clk 0:43:11]} 1-0

[Event "EYTCC-G"]
[Site "?"]
[Date "2017.08.23"]
[Round "7.8"]
[White "Caglar, Sila"]
[Black "Rogozenco, Teodora"]
[Result "1-0"]
[BlackElo "2162"]
[WhiteElo "2136"]
[LiveChessVersion "1.4.6"]

1. e4 {[%clk 1:30:59]} e5 {[%clk 1:30:56]} 2. Nf3 {[%clk 1:30:53]} Nc6
{[%clk 1:31:21]} 3. Bb5 {[%clk 1:31:02]} a6 {[%clk 1:31:46]} 4. Ba4
{[%clk 1:31:28]} Nf6 {[%clk 1:32:11]} 5. O-O {[%clk 1:31:49]} b5 {[%clk 1:31:52]}
6. Bb3 {[%clk 1:32:05]} Be7 {[%clk 1:31:57]} 7. d3 {[%clk 1:30:08]} O-O
{[%clk 1:31:36]} 8. c3 {[%clk 1:29:14]} d5 {[%clk 1:29:38]} 9. Qe2
{[%clk 1:18:06]} Bb7 {[%clk 1:17:41]} 10. Bg5 {[%clk 1:11:14]} d4
{[%clk 1:13:47]} 11. a4 {[%clk 1:07:43]} Nd7 {[%clk 1:11:56]} 12. Bxe7
{[%clk 1:02:33]} Qxe7 {[%clk 1:12:17]} 13. Bd5 {[%clk 0:53:34]} Qd6
{[%clk 1:05:55]} 14. Na3 {[%clk 0:48:40]} Qc5 {[%clk 0:48:19]} 15. Rfc1
{[%clk 0:34:11]} Qb6 {[%clk 0:47:01]} 16. Bxc6 {[%clk 0:22:53]} Bxc6
{[%clk 0:47:23]} 17. cxd4 {[%clk 0:23:08]} exd4 {[%clk 0:45:51]} 18. a5
{[%clk 0:22:51]} Qb7 {[%clk 0:45:46]} 19. Qc2 {[%clk 0:20:30]} b4
{[%clk 0:45:24]} 20. Qxc6 {[%clk 0:20:40]} Qxc6 {[%clk 0:45:49]} 21. Rxc6
{[%clk 0:21:06]} bxa3 {[%clk 0:46:14]} 22. Rxa3 {[%clk 0:21:20]} Rfb8
{[%clk 0:44:52]} 23. Rxc7 {[%clk 0:20:20]} Rxb2 {[%clk 0:45:01]} 24. g3
{[%clk 0:20:41]} Nf6 {[%clk 0:45:11]} 25. Nxd4 {[%clk 0:19:08]} Ng4
{[%clk 0:43:58]} 26. Rac3 {[%clk 0:19:15]} g6 {[%clk 0:44:22]} 27. Nc2
{[%clk 0:17:57]} Rd8 {[%clk 0:37:41]} 28. h3 {[%clk 0:17:57]} Ne5
{[%clk 0:38:00]} 29. d4 {[%clk 0:16:27]} 1-0

[Event "EYTCC-G"]
[Site "?"]
[Date "2017.08.23"]
[Round "7.9"]
[White "Egyed, Judit"]
[Black "Pychova, Nela"]
[Result "1-0"]
[BlackElo "2201"]
[WhiteElo "2162"]
[LiveChessVersion "1.4.6"]

1. e4 {[%clk 1:30:57]} c5 {[%clk 1:30:50]} 2. Nf3 {[%clk 1:31:19]} Nc6
{[%clk 1:31:10]} 3. d4 {[%clk 1:31:40]} cxd4 {[%clk 1:31:33]} 4. Nxd4
{[%clk 1:32:05]} e5 {[%clk 1:31:53]} 5. Nb5 {[%clk 1:32:23]} a6 {[%clk 1:32:11]}
6. Nd6+ {[%clk 1:30:29]} Bxd6 {[%clk 1:32:33]} 7. Qxd6 {[%clk 1:30:55]} Qf6
{[%clk 1:32:53]} 8. Qxf6 {[%clk 1:29:44]} Nxf6 {[%clk 1:33:20]} 9. Nc3
{[%clk 1:29:13]} Nb4 {[%clk 1:32:37]} 10. Bd3 {[%clk 1:24:08]} d6
{[%clk 1:30:32]} 11. O-O {[%clk 1:22:12]} Be6 {[%clk 1:28:53]} 12. f4
{[%clk 1:11:21]} Rc8 {[%clk 1:24:52]} 13. a3 {[%clk 1:07:51]} Nxd3
{[%clk 1:12:15]} 14. cxd3 {[%clk 1:08:13]} b5 {[%clk 1:11:31]} 15. f5
{[%clk 1:04:47]} Bb3 {[%clk 1:10:16]} 16. Bg5 {[%clk 1:04:41]} Nd7
{[%clk 1:00:56]} 17. Rac1 {[%clk 0:58:17]} f6 {[%clk 0:58:55]} 18. Be3
{[%clk 0:55:30]} Kf7 {[%clk 0:58:45]} 19. d4 {[%clk 0:47:28]} exd4
{[%clk 0:54:19]} 20. Bxd4 {[%clk 0:47:51]} Nc5 {[%clk 0:53:27]} 21. Bxc5
{[%clk 0:37:01]} Rxc5 {[%clk 0:49:49]} 22. Rce1 {[%clk 0:33:30]} Re8
{[%clk 0:44:49]} 23. Rf3 {[%clk 0:25:05]} Ree5 {[%clk 0:36:45]} 24. Rd3
{[%clk 0:18:04]} Ke7 {[%clk 0:36:12]} 25. Rg3 {[%clk 0:18:10]} Kf8
{[%clk 0:32:52]} 26. Rd3 {[%clk 0:17:55]} Ke7 {[%clk 0:22:39]} 27. Rg3
{[%clk 0:18:19]} Kf8 {[%clk 0:22:51]} 28. Rd3 {[%clk 0:18:38]} Rc6
{[%clk 0:16:01]} 29. Ree3 {[%clk 0:15:44]} Bc4 {[%clk 0:13:09]} 30. Rd4
{[%clk 0:14:33]} a5 {[%clk 0:11:12]} 31. Kf2 {[%clk 0:13:24]} g6 {[%clk 0:07:46]}
32. g4 {[%clk 0:13:12]} b4 {[%clk 0:02:09]} 33. axb4 {[%clk 0:13:19]} axb4
{[%clk 0:02:37]} 34. Ne2 {[%clk 0:13:29]} Bxe2 {[%clk 0:01:24]} 35. Rxe2
{[%clk 0:13:54]} Rb5 {[%clk 0:01:46]} 36. Red2 {[%clk 0:13:46]} Ke7
{[%clk 0:01:23]} 37. R4d3 {[%clk 0:13:39]} Rb7 {[%clk 0:01:01]} 38. Rh3
{[%clk 0:11:00]} Kd8 {[%clk 0:00:59]} 39. fxg6 {[%clk 0:10:47]} hxg6
{[%clk 0:01:26]} 40. Rh8+ {[%clk 0:41:13]} Kc7 {[%clk 0:31:38]} 41. Rh6
{[%clk 0:41:16]} Rc4 {[%clk 0:22:57]} 42. Kf3 {[%clk 0:39:45]} b3
{[%clk 0:20:59]} 43. Rxg6 {[%clk 0:38:25]} Rbb4 {[%clk 0:20:01]} 44. Rxf6
{[%clk 0:34:23]} Rxe4 {[%clk 0:20:16]} 45. g5 {[%clk 0:34:41]} Rh4
{[%clk 0:19:25]} 46. g6 {[%clk 0:31:34]} Rh3+ {[%clk 0:15:33]} 47. Kg2
{[%clk 0:31:32]} Rbh4 {[%clk 0:14:57]} 48. Kf1 {[%clk 0:30:07]} Rh8
{[%clk 0:11:55]} 49. g7 {[%clk 0:26:18]} Rg8 {[%clk 0:12:16]} 50. Rg2
{[%clk 0:26:40]} Rh7 {[%clk 0:12:12]} 51. Rf7+ {[%clk 0:25:23]} Kc6
{[%clk 0:12:35]} 52. h4 {[%clk 0:25:22]} Kd5 {[%clk 0:12:43]} 53. Rg6
{[%clk 0:25:11]} Rc8 {[%clk 0:09:38]} 54. Kg2 {[%clk 0:23:15]} Rc2+
{[%clk 0:07:01]} 55. Rf2 {[%clk 0:23:12]} Rc8 {[%clk 0:07:23]} 56. g8=Q+
{[%clk 0:22:37]} 1-0

[Event "EYTCC-G"]
[Site "?"]
[Date "2017.08.23"]
[Round "7.10"]
[White "Kanakova, Natalie"]
[Black "Kovacs, Judit"]
[Result "1/2-1/2"]
[BlackElo "2062"]
[WhiteElo "2176"]
[LiveChessVersion "1.4.6"]

1. e4 {[%clk 1:30:58]} c5 {[%clk 1:30:54]} 2. Nf3 {[%clk 1:31:24]} e6
{[%clk 1:31:18]} 3. d4 {[%clk 1:31:50]} cxd4 {[%clk 1:31:44]} 4. Nxd4
{[%clk 1:32:15]} a6 {[%clk 1:32:07]} 5. Bd3 {[%clk 1:32:22]} Qb6 {[%clk 1:31:06]}
6. Be3 {[%clk 1:31:25]} Qxb2 {[%clk 1:28:28]} 7. Nd2 {[%clk 1:31:33]} Qc3
{[%clk 1:25:39]} 8. O-O {[%clk 1:30:58]} Qc7 {[%clk 1:23:51]} 9. e5
{[%clk 1:29:26]} d6 {[%clk 1:15:14]} 10. f4 {[%clk 1:27:55]} Nd7 {[%clk 1:11:07]}
11. Nc4 {[%clk 1:10:29]} dxe5 {[%clk 0:37:14]} 12. fxe5 {[%clk 1:09:57]} Nxe5
{[%clk 0:33:57]} 13. Bf4 {[%clk 1:08:31]} Bd6 {[%clk 0:33:30]} 14. Nxd6+
{[%clk 0:54:46]} Qxd6 {[%clk 0:33:50]} 15. Nf5 {[%clk 0:44:10]} exf5
{[%clk 0:27:35]} 16. Bxe5 {[%clk 0:44:34]} Qb6+ {[%clk 0:27:24]} 17. Kh1
{[%clk 0:44:50]} Qg6 {[%clk 0:19:02]} 18. Rf3 {[%clk 0:42:09]} Nf6
{[%clk 0:18:44]} 19. Bd6 {[%clk 0:34:15]} Ne4 {[%clk 0:17:29]} 20. Bxe4
{[%clk 0:32:14]} fxe4 {[%clk 0:17:47]} 21. Rc3 {[%clk 0:31:57]} Bg4
{[%clk 0:15:06]} 22. Qd4 {[%clk 0:22:02]} Rd8 {[%clk 0:14:10]} 23. Qe5+
{[%clk 0:22:26]} Qe6 {[%clk 0:13:28]} 24. Qxg7 {[%clk 0:21:46]} Qxd6
{[%clk 0:13:50]} 25. Qxg4 {[%clk 0:21:34]} Qd4 {[%clk 0:12:48]} 26. Qg3
{[%clk 0:21:51]} Qd1+ {[%clk 0:11:30]} 27. Qe1 {[%clk 0:22:16]} Qxe1+
{[%clk 0:11:55]} 28. Rxe1 {[%clk 0:22:43]} O-O {[%clk 0:11:34]} 29. g4
{[%clk 0:19:59]} Rfe8 {[%clk 0:11:14]} 30. Kg2 {[%clk 0:15:18]} Kg7
{[%clk 0:08:30]} 31. Kg3 {[%clk 0:14:08]} Rc8 {[%clk 0:07:04]} 32. Rxc8
{[%clk 0:05:07]} Rxc8 {[%clk 0:07:28]} 33. Re2 {[%clk 0:04:26]} Rc4
{[%clk 0:06:28]} 34. Kf4 {[%clk 0:04:23]} b5 {[%clk 0:05:59]} 35. h4
{[%clk 0:03:47]} e3+ {[%clk 0:04:01]} 36. Kf3 {[%clk 0:03:11]} b4
{[%clk 0:04:00]} 37. Rxe3 {[%clk 0:01:24]} Rxc2 {[%clk 0:04:17]} 38. a3
{[%clk 0:01:43]} a5 {[%clk 0:01:26]} 39. axb4 {[%clk 0:01:50]} axb4
{[%clk 0:01:51]} 40. Re4 {[%clk 0:30:49]} Rb2 {[%clk 0:31:40]} 41. Rc4
{[%clk 0:17:17]} Rb1 {[%clk 0:27:57]} 42. Rc6 {[%clk 0:16:37]} Kf8
{[%clk 0:12:53]} 43. Rb6 {[%clk 0:16:14]} Ke7 {[%clk 0:09:56]} 44. g5
{[%clk 0:13:19]} b3 {[%clk 0:08:23]} 45. Kg4 {[%clk 0:11:43]} Kf8
{[%clk 0:04:32]} 1/2-1/2

[Event "EYTCC-G"]
[Site "?"]
[Date "2017.08.23"]
[Round "7.11"]
[White "Injac, Teodora"]
[Black "Adamczyk, Zuzanna"]
[Result "1-0"]
[BlackElo "1753"]
[WhiteElo "2279"]
[LiveChessVersion "1.4.6"]

1. Nf3 {[%clk 1:30:47]} d5 {[%clk 1:30:08]} 2. g3 {[%clk 1:29:04]} Nf6
{[%clk 1:29:57]} 3. Bg2 {[%clk 1:29:09]} g6 {[%clk 1:29:49]} 4. O-O
{[%clk 1:29:07]} Bg7 {[%clk 1:30:01]} 5. d3 {[%clk 1:28:54]} O-O {[%clk 1:29:44]}
6. Nbd2 {[%clk 1:28:25]} c5 {[%clk 1:28:57]} 7. e4 {[%clk 1:28:32]} dxe4
{[%clk 1:28:40]} 8. dxe4 {[%clk 1:28:53]} Nc6 {[%clk 1:28:54]} 9. c3
{[%clk 1:26:56]} Qc7 {[%clk 1:26:36]} 10. Qe2 {[%clk 1:26:59]} e5
{[%clk 1:25:12]} 11. Re1 {[%clk 1:21:35]} a6 {[%clk 1:21:42]} 12. a4
{[%clk 1:15:52]} Rb8 {[%clk 1:18:39]} 13. Nc4 {[%clk 1:10:52]} Be6
{[%clk 1:09:56]} 14. Bg5 {[%clk 0:58:48]} h6 {[%clk 0:59:24]} 15. Bxf6
{[%clk 0:56:43]} Bxf6 {[%clk 0:59:41]} 16. Ne3 {[%clk 0:48:36]} Ne7
{[%clk 0:47:31]} 17. a5 {[%clk 0:47:45]} Rfe8 {[%clk 0:40:35]} 18. Nd2
{[%clk 0:41:12]} Rbd8 {[%clk 0:37:26]} 19. h4 {[%clk 0:38:04]} h5
{[%clk 0:34:47]} 20. Ndc4 {[%clk 0:37:52]} Kg7 {[%clk 0:30:34]} 21. Red1
{[%clk 0:34:19]} Rxd1+ {[%clk 0:25:59]} 22. Rxd1 {[%clk 0:34:42]} Bxc4
{[%clk 0:26:22]} 23. Nxc4 {[%clk 0:33:39]} Rd8 {[%clk 0:25:58]} 24. Rxd8
{[%clk 0:29:29]} Qxd8 {[%clk 0:26:19]} 25. Qe3 {[%clk 0:29:38]} Qc7
{[%clk 0:25:13]} 26. Bh3 {[%clk 0:27:56]} Kh7 {[%clk 0:23:21]} 27. Qd3
{[%clk 0:26:52]} Nc6 {[%clk 0:20:53]} 28. Qd5 {[%clk 0:22:00]} Qe7
{[%clk 0:17:25]} 29. Bd7 {[%clk 0:21:16]} Nb8 {[%clk 0:10:08]} 30. Nb6
{[%clk 0:19:39]} Nxd7 {[%clk 0:10:20]} 31. Nxd7 {[%clk 0:19:27]} Kg7
{[%clk 0:09:13]} 32. Nxc5 {[%clk 0:19:19]} Qe8 {[%clk 0:08:06]} 33. Qxb7
{[%clk 0:19:16]} Qb5 {[%clk 0:06:25]} 34. Qxb5 {[%clk 0:19:34]} axb5
{[%clk 0:06:48]} 35. a6 {[%clk 0:20:02]} Be7 {[%clk 0:06:37]} 36. a7
{[%clk 0:20:26]} 1-0

[Event "EYTCC-G"]
[Site "?"]
[Date "2017.08.23"]
[Round "7.12"]
[White "Buchta, Agnieszka"]
[Black "Gajcin, Marina"]
[Result "1/2-1/2"]
[BlackElo "2263"]
[WhiteElo "1720"]
[LiveChessVersion "1.4.6"]

1. e4 {[%clk 1:30:58]} c5 {[%clk 1:30:57]} 2. Nc3 {[%clk 1:31:18]} Nc6
{[%clk 1:30:47]} 3. Bb5 {[%clk 1:31:42]} Nd4 {[%clk 1:30:29]} 4. Nf3
{[%clk 1:31:59]} Nxb5 {[%clk 1:25:38]} 5. Nxb5 {[%clk 1:32:21]} a6
{[%clk 1:26:04]} 6. Nc3 {[%clk 1:32:42]} d6 {[%clk 1:24:47]} 7. d4
{[%clk 1:33:02]} cxd4 {[%clk 1:25:08]} 8. Qxd4 {[%clk 1:33:19]} e5
{[%clk 1:22:49]} 9. Qd3 {[%clk 1:33:32]} Be7 {[%clk 1:22:16]} 10. O-O
{[%clk 1:32:21]} Nf6 {[%clk 1:22:12]} 11. Bg5 {[%clk 1:31:40]} Be6
{[%clk 1:14:22]} 12. Rfd1 {[%clk 1:23:37]} Rc8 {[%clk 1:08:45]} 13. Bxf6
{[%clk 1:19:30]} gxf6 {[%clk 1:08:44]} 14. Nd5 {[%clk 1:08:20]} Bxd5
{[%clk 1:02:04]} 15. Qxd5 {[%clk 1:05:08]} Qd7 {[%clk 0:51:26]} 16. c3
{[%clk 0:44:15]} Rg8 {[%clk 0:49:13]} 17. Kh1 {[%clk 0:38:57]} Rc5
{[%clk 0:47:18]} 18. Qd3 {[%clk 0:37:27]} Qg4 {[%clk 0:46:50]} 19. Ne1
{[%clk 0:32:07]} Rc6 {[%clk 0:29:34]} 20. f3 {[%clk 0:30:32]} Qg7
{[%clk 0:13:03]} 21. Rd2 {[%clk 0:25:33]} f5 {[%clk 0:06:40]} 22. Nc2
{[%clk 0:19:15]} f4 {[%clk 0:05:14]} 23. Nb4 {[%clk 0:19:25]} Rc7
{[%clk 0:05:09]} 24. Nd5 {[%clk 0:19:24]} Rd7 {[%clk 0:05:19]} 25. Nb6
{[%clk 0:19:17]} Rc7 {[%clk 0:03:08]} 26. Nd5 {[%clk 0:19:33]} Rd7
{[%clk 0:02:50]} 27. Nb6 {[%clk 0:19:10]} Rc7 {[%clk 0:02:37]} 28. Nd5
{[%clk 0:11:51]} 1/2-1/2

[Event "EYTCC-G"]
[Site "?"]
[Date "2017.08.23"]
[Round "7.13"]
[White "Olechnicka, Karolina"]
[Black "Gundogan, Sinem Cagla"]
[Result "1-0"]
[BlackElo "2067"]
[WhiteElo "1938"]
[LiveChessVersion "1.4.6"]

1. e4 e6 2. d4 d5 3. Nd2 dxe4 4. Nxe4 Nd7 5. Nf3 Ngf6 6. Nxf6+ Nxf6 7. Bd3 Be7 8.
O-O O-O 9. c3 b6 10. Bc2 Bb7 11. Qd3 Be4 12. Qe2 Bxc2 13. Qxc2 Qd5 14. Bf4 c5 15.
Rfd1 Rfd8 16. Be5 h6 17. dxc5 Qxc5 18. Bd4 Qc6 19. Ne5 Qc7 20. Qe2 Rac8 21. Rd3
Bc5 22. Rad1 Rd5 23. Ng4 Nxg4 24. Qxg4 Rg5 25. Qf3 Bxd4 26. Rxd4 Rf5 27. Qe4 Qe5
28. Qxe5 Rxe5 29. Kf1 Ra5 30. a3 Rac5 31. Rd8+ Rxd8 32. Rxd8+ Kh7 33. Rd7 a5 34.
Rxf7 Kg6 35. Rd7 Kf6 36. Ke2 Rg5 37. g3 b5 38. b4 Re5+ 39. Kf3 a4 40. Rd1 g6 41.
Rc1 Rd5 42. Ke2 Re5+ 43. Kd3 Rd5+ 44. Kc2 Rf5 45. f4 Rh5 46. Rh1 e5 47. fxe5+
Rxe5 48. Rd1 Kf5 49. c4 bxc4 50. Kc3 Re3+ 51. Kxc4 Rxa3 52. b5 Ke5 53. b6 Rb3 54.
Kc5 Rc3+ 55. Kb5 Rb3+ 56. Ka6 a3 57. Ra1 Kd6 58. b7 Kc7 59. Rc1+ Kd7 60. Ka7 a2
61. b8=Q Ra3+ 62. Kb7 a1=Q 63. Qc7+ Ke6 64. Rxa1 Rxa1 65. Qc2 Kf7 66. Qc4+ Ke7
67. Qe4+ Kf7 68. Qd5+ Kf8 69. Kc7 Ra7+ 70. Kd6 Rf7 71. Ke6 h5 72. Qd8+ Kg7 73.
Qe8 Rf6+ 74. Ke5 Rf5+ 75. Ke4 Rf7 76. h4 Rf8 77. Qe5+ Kg8 78. Qg5 Kg7 79. g4 hxg4
80. h5 Rf6 81. h6+ Kf7 82. h7 Re6+ 83. Kf4 Kg7 84. Qh6+ Kh8 85. Qf8+ 1-0

[Event "EYTCC-G"]
[Site "?"]
[Date "2017.08.23"]
[Round "7.14"]
[White "Ozbay, Ece"]
[Black "Moscicka, Pola"]
[Result "1-0"]
[BlackElo "1869"]
[WhiteElo "1966"]
[LiveChessVersion "1.4.6"]

1. e4 {[%clk 1:30:52]} c5 {[%clk 1:30:57]} 2. Nf3 {[%clk 1:31:12]} e6
{[%clk 1:31:20]} 3. d4 {[%clk 1:31:34]} cxd4 {[%clk 1:31:44]} 4. Nxd4
{[%clk 1:31:58]} Nf6 {[%clk 1:32:08]} 5. Nc3 {[%clk 1:32:19]} Nc6
{[%clk 1:32:33]} 6. Nxc6 {[%clk 1:32:03]} bxc6 {[%clk 1:32:55]} 7. e5
{[%clk 1:32:29]} Nd5 {[%clk 1:33:20]} 8. Ne4 {[%clk 1:32:53]} Qa5+
{[%clk 1:32:54]} 9. Bd2 {[%clk 1:27:29]} Qb6 {[%clk 1:32:51]} 10. c4
{[%clk 1:24:41]} Qxb2 {[%clk 1:30:03]} 11. cxd5 {[%clk 1:21:57]} Qxe5
{[%clk 1:29:44]} 12. Bd3 {[%clk 1:17:45]} cxd5 {[%clk 1:29:05]} 13. f4
{[%clk 1:01:30]} Qd4 {[%clk 1:28:08]} 14. Nf2 {[%clk 1:01:58]} Bc5
{[%clk 1:27:35]} 15. Rf1 {[%clk 1:02:20]} O-O {[%clk 1:25:43]} 16. Rc1
{[%clk 1:00:53]} e5 {[%clk 1:17:02]} 17. Bxh7+ {[%clk 0:52:55]} Kxh7
{[%clk 1:16:27]} 18. Qc2+ {[%clk 0:53:22]} e4 {[%clk 1:06:43]} 19. Qxc5
{[%clk 0:53:15]} Qxc5 {[%clk 1:06:41]} 20. Rxc5 {[%clk 0:53:43]} Ba6
{[%clk 1:06:00]} 21. Rh1 {[%clk 0:53:57]} Bc4 {[%clk 1:01:59]} 22. Nd1
{[%clk 0:43:23]} Rac8 {[%clk 0:56:51]} 23. Bb4 {[%clk 0:36:55]} d6
{[%clk 0:50:43]} 24. Rxc8 {[%clk 0:32:06]} Rxc8 {[%clk 0:51:07]} 25. Bc3
{[%clk 0:20:37]} Bxa2 {[%clk 0:46:09]} 26. Kd2 {[%clk 0:20:58]} Rc4
{[%clk 0:43:33]} 27. Ne3 {[%clk 0:13:15]} Ra4 {[%clk 0:40:46]} 28. Nc2
{[%clk 0:12:42]} Bb3 {[%clk 0:39:17]} 29. Ra1 {[%clk 0:12:42]} Bxc2
{[%clk 0:34:58]} 30. Kxc2 {[%clk 0:13:09]} Rc4 {[%clk 0:34:32]} 31. Rd1
{[%clk 0:12:56]} Rc5 {[%clk 0:31:32]} 32. Rd4 {[%clk 0:09:48]} a5
{[%clk 0:28:36]} 33. Ra4 {[%clk 0:09:10]} Kg6 {[%clk 0:26:05]} 34. g4
{[%clk 0:05:16]} f5 {[%clk 0:24:49]} 35. h3 {[%clk 0:05:28]} Rc8 {[%clk 0:21:10]}
36. Rd4 {[%clk 0:03:51]} Rc5 {[%clk 0:16:39]} 37. Kd2 {[%clk 0:03:57]} Rb5
{[%clk 0:14:50]} 38. Ra4 {[%clk 0:02:36]} Rc5 {[%clk 0:06:47]} 39. Rxa5
{[%clk 0:01:19]} d4 {[%clk 0:04:53]} 40. Rxc5 {[%clk 0:31:46]} dxc5
{[%clk 0:34:39]} 41. Ba5 {[%clk 0:32:14]} fxg4 {[%clk 0:20:16]} 42. hxg4
{[%clk 0:32:35]} Kf6 {[%clk 0:20:39]} 43. Bb6 {[%clk 0:32:58]} Ke6
{[%clk 0:20:44]} 44. Bxc5 {[%clk 0:33:13]} Kd5 {[%clk 0:21:02]} 45. Bf8
{[%clk 0:30:42]} g6 {[%clk 0:21:10]} 46. Bg7 {[%clk 0:31:10]} e3+
{[%clk 0:16:32]} 47. Kd3 {[%clk 0:30:35]} e2 {[%clk 0:16:19]} 48. Kxe2
{[%clk 0:31:02]} Ke4 {[%clk 0:16:41]} 49. Bh6 {[%clk 0:31:21]} d3+
{[%clk 0:16:32]} 50. Kd2 {[%clk 0:31:48]} Kd4 {[%clk 0:16:27]} 51. Bg5
{[%clk 0:31:37]} Ke4 {[%clk 0:16:17]} 52. Kd1 {[%clk 0:32:01]} Kd5
{[%clk 0:16:11]} 53. f5 {[%clk 0:32:14]} gxf5 {[%clk 0:16:32]} 54. gxf5
{[%clk 0:32:42]} Ke5 {[%clk 0:16:38]} 55. f6 {[%clk 0:33:10]} 1-0

[Event "EYTCC-G"]
[Site "?"]
[Date "2017.08.23"]
[Round "7.15"]
[White "Kozubal, Aleksandra"]
[Black "Srdanovic, Jovana"]
[Result "1/2-1/2"]
[BlackElo "2105"]
[WhiteElo "1733"]
[LiveChessVersion "1.4.6"]

1. d4 {[%clk 1:30:58]} d5 {[%clk 1:30:53]} 2. c4 {[%clk 1:31:18]} c6
{[%clk 1:31:13]} 3. Nc3 {[%clk 1:30:55]} Nf6 {[%clk 1:31:18]} 4. Nf3
{[%clk 1:29:58]} e6 {[%clk 1:28:01]} 5. cxd5 {[%clk 1:27:18]} exd5
{[%clk 1:28:14]} 6. Bg5 {[%clk 1:25:07]} Be7 {[%clk 1:22:58]} 7. Qc2
{[%clk 1:23:06]} O-O {[%clk 1:21:14]} 8. e3 {[%clk 1:22:55]} h6 {[%clk 1:18:12]}
9. Bh4 {[%clk 1:21:23]} Re8 {[%clk 1:03:40]} 10. Bd3 {[%clk 1:18:59]} Nbd7
{[%clk 1:02:49]} 11. O-O {[%clk 1:16:38]} Ne4 {[%clk 0:57:10]} 12. Bxe7
{[%clk 0:59:44]} Qxe7 {[%clk 0:57:31]} 13. Rfe1 {[%clk 0:57:54]} Rb8
{[%clk 0:39:09]} 14. Rab1 {[%clk 0:49:07]} a6 {[%clk 0:23:41]} 15. Nd2
{[%clk 0:35:24]} Ndf6 {[%clk 0:20:23]} 16. f3 {[%clk 0:33:43]} Nxd2
{[%clk 0:19:59]} 17. Qxd2 {[%clk 0:34:08]} Qd6 {[%clk 0:19:31]} 18. Na4
{[%clk 0:31:10]} Be6 {[%clk 0:15:57]} 19. Nc5 {[%clk 0:28:41]} Nd7
{[%clk 0:15:30]} 20. b4 {[%clk 0:25:34]} Qc7 {[%clk 0:14:47]} 21. a4
{[%clk 0:22:19]} Nxc5 {[%clk 0:14:09]} 22. bxc5 {[%clk 0:22:44]} Rbd8
{[%clk 0:14:30]} 23. Qc2 {[%clk 0:18:15]} Rd7 {[%clk 0:10:25]} 24. Qc3
{[%clk 0:14:19]} Qd8 {[%clk 0:10:02]} 25. Rb2 {[%clk 0:12:49]} Rde7 26. Kf2 Bc8
{[%clk 0:08:54]} 27. Bb1 {[%clk 0:12:52]} Qc7 {[%clk 0:08:44]} 28. Kg1
{[%clk 0:12:12]} g6 {[%clk 0:08:02]} 29. Qd2 {[%clk 0:11:45]} Kg7
{[%clk 0:07:44]} 30. Qc3 {[%clk 0:10:48]} Kg8 {[%clk 0:07:52]} 31. Qd2
{[%clk 0:08:57]} 1/2-1/2